Loading...
| Science - Chemistry | 0 | 9 | 0 | 1 | 90 | 49 | 87.22 | 2 | 5 | 0.00 | 0.00 |
| Science - Other | 0 | 5 | 0 | 0 | 50 | 62 | 89.60 | 1 | 1 | 0.00 | 0.00 |
| Science - Biology | 0 | 6 | 2 | 1 | 50 | 32 | 71.17 | 4 | 4 | 0.00 | 0.00 |
| Science - Physics | 0 | 3 | 1 | 1 | 25 | 105 | 109.67 | 0 | 0 | 0.00 | 0.00 |
| Fine Arts - Classical Music | 0 | 1 | 0 | 0 | 10 | 71 | 71.00 | 0 | 1 | 0.00 | 0.00 |
| Social Science | 0 | 2 | 2 | 0 | 10 | 79 | 98.50 | 0 | 2 | 0.00 | 0.00 |
| History - American | 0 | 1 | 0 | 1 | 10 | 136 | 136.00 | 0 | 0 | 0.00 | 0.00 |
| Literature - American | 0 | 1 | 0 | 0 | 10 | 71 | 71.00 | 0 | 1 | 0.00 | 0.00 |
| Literature - British | 0 | 1 | 0 | 0 | 10 | 144 | 144.00 | 0 | 1 | 0.00 | 0.00 |